[Event "AUT-ch U08 Girls Online Rapid"]
[Site "Playchess.com INT"]
[Date "2020.12.13"]
[Round "4"]
[White "Geworgyan, Daniela"]
[Black "Neubauer, Clara"]
[Result "1-0"]
[WhiteElo "1589"]
[BlackElo "1502"]
[PlyCount "105"]
[EventDate "2020.12.13"]
[EventType "tourn (rapid)"]
[EventRounds "6"]
[EventCountry "AUT"]
[SourceTitle "EXT 2022"]
[Source "ChessBase"]
[SourceDate "2021.10.06"]
[SourceVersion "1"]
[SourceVersionDate "2021.10.06"]
[SourceQuality "1"]

1. e4 e5 2. Nf3 Nc6 3. Bc4 Bc5 4. Nc3 Nf6 5. Nd5 d6 6. 0-0 Nxd5 7. exd5 Na5 8. Bb5+ c6 9. Bd3 cxd5 10. Bb5+ Bd7 11. a4 a6 12. Bxd7+ Qxd7 13. d3 e4 14. Ng5 exd3 15. Re1+ Kd8 16. cxd3 h6 17. Nf3 Re8 18. d4 Rxe1+ 19. Qxe1 Nb3 20. Rb1 Nxc1 21. dxc5 Nd3 22. Qc3 Nxc5 23. Rc1 Nxa4 24. Qxg7 Nxb2 25. Qf8+ Qe8 26. Qxd6+ Qd7 27. Qxh6 Rc8 28. Re1 Nd3 29. Qf6+ Kc7 30. Re7 Qxe7 31. Qxe7+ Kc6 32. Qxf7 Rc7 33. Qe6+ Kc5 34. Qe3+ Kd6 35. Qxd3 Rc1+ 36. Qf1 Rxf1+ 37. Kxf1 a5 38. h4 a4 39. Nd4 a3 40. Nc2 a2 41. h5 d4 42. h6 d3 43. h7 dxc2 44. h8Q a1Q+ 45. Qxa1 Kc5 46. Qc3+ Kb5 47. Qxc2 b6 48. g4 Ka5 49. g5 b5 50. g6 Kb4 51. g7 Ka3 52. g8Q b4 53. Qgb3# 1-0

[Event "AUT-ch U08 Girls Online Rapid"]
[Site "Playchess.com INT"]
[Date "2020.12.13"]
[Round "1"]
[White "Neubauer, Clara"]
[Black "Geworgyan, Daniela"]
[Result "0-1"]
[WhiteElo "1573"]
[BlackElo "1540"]
[PlyCount "84"]
[EventDate "2020.12.13"]
[EventType "tourn (rapid)"]
[EventRounds "6"]
[EventCountry "AUT"]
[SourceTitle "EXT 2022"]
[Source "ChessBase"]
[SourceDate "2021.10.06"]
[SourceVersion "1"]
[SourceVersionDate "2021.10.06"]
[SourceQuality "1"]

1. e4 e5 2. Nf3 Nc6 3. Nc3 Bc5 4. Bc4 Nf6 5. d3 0-0 6. 0-0 d6 7. h3 Be6 8. Bg5 h6 9. Bh4 g5 10. Bg3 Nd4 11. Nxd4 Bxd4 12. a3 c6 13. Bxe6 fxe6 14. Ra2 b5 15. Re1 a6 16. Re2 Rb8 17. a4 Qa5 18. axb5 Qc7 19. bxc6 Qxc6 20. Ra4 d5 21. exd5 exd5 22. Ra5 Rxb2 23. Na4 Rb4 24. Qc1 Rxa4 25. Rxa4 Qxa4 26. c3 Qc6 27. Rc2 Bc5 28. d4 exd4 29. cxd4 Ne4 30. dxc5 Nxg3 31. fxg3 Qf6 32. c6 Rc8 33. c7 h5 34. h4 gxh4 35. gxh4 Qxh4 36. Re2 Qd4+ 37. Kf1 Qf6+ 38. Rf2 Qe7 39. Rf3 h4 40. g3 h3 41. Kg1 Qe4 42. Rf4 Qg2# 0-1